مكتبة جامعة عجلون الوطنية

فهرس بحث المكتبة

المكان والزمان وأثرهما في بناء رواية: سيرة مدينة عمان في الاربعنيات، لعبد الرحمن منيف = Place and time and their impact on the construction of the novel"The City of Amman in the Forties" by Abd al-Rahman Munif / (Record no. 33492)

MARC details
000 -LEADER
fixed length control field 01075nam a22001937a 4500
003 - CONTROL NUMBER IDENTIFIER
control field JO-AjAnu
005 - DATE AND TIME OF LATEST TRANSACTION
control field 20240630095808.0
008 - FIXED-LENGTH DATA ELEMENTS--GENERAL INFORMATION
fixed length control field 240520b jo ||||| |||| 00| 0 ara d
040 ## - CATALOGING SOURCE
Original cataloging agency JO-AjAnu
Language of cataloging ara
Transcribing agency JO-AjAnu
041 #0 - LANGUAGE CODE
Language code of text/sound track or separate title ara
Language code of original ara
100 #1 - MAIN ENTRY--PERSONAL NAME
Personal name الجبالي، عمر يحيى عبدالله
Relator term معد
9 (RLIN) 65424
245 #0 - TITLE STATEMENT
Title المكان والزمان وأثرهما في بناء رواية: سيرة مدينة عمان في الاربعنيات، لعبد الرحمن منيف = Place and time and their impact on the construction of the novel"The City of Amman in the Forties" by Abd al-Rahman Munif /
Statement of responsibility, etc. اعداد عمر يحيى عبدالله الجبالي ؛ اشراف زياد محمد بني عمر
260 ## - PUBLICATION, DISTRIBUTION, ETC.
Date of publication, distribution, etc. 2023
300 ## - PHYSICAL DESCRIPTION
Extent 117ورقة
500 ## - GENERAL NOTE
General note رسالة جامعية ( رسالة ماجستير في اللغة العربية وادابها ) - جامعة جرش ( الاردن، جرش)، 2023.
650 70 - SUBJECT ADDED ENTRY--TOPICAL TERM
Topical term or geographic name entry element الروايات - الاردن.
9 (RLIN) 65425
700 #1 - ADDED ENTRY--PERSONAL NAME
Personal name بني عمر، زياد محمد
Relator term مشرف
9 (RLIN) 65426
942 ## - ADDED ENTRY ELEMENTS (KOHA)
Source of classification or shelving scheme Library of Congress Classification
Koha item type Thesis
Suppress in OPAC No
Holdings
Withdrawn status Lost status Source of classification or shelving scheme Damaged status Not for loan Home library Current library Date acquired Total Checkouts Full call number Barcode Date last seen Price effective from Koha item type
    Library of Congress Classification     مكتبة جامعة عجلون الوطنية مكتبة جامعة عجلون الوطنية 20/05/2024   PJ7826 2023 a29541 20/05/2024 20/05/2024 Thesis